Legal Reasoning, Writing, and Persuasive Argument / (Record no. 33)

MARC details
000 -LEADER
fixed length control field 00669nam a22002057a 4500
003 - CONTROL NUMBER IDENTIFIER
control field OSt
005 - DATE AND TIME OF LATEST TRANSACTION
control field 20170706214045.0
008 - FIXED-LENGTH DATA ELEMENTS--GENERAL INFORMATION
fixed length control field 170706b xxu||||| |||| 00| 0 eng d
020 ## - INTERNATIONAL STANDARD BOOK NUMBER
International Standard Book Number 0820564753 (perfectbound : alk. paper)
040 ## - CATALOGING SOURCE
Original cataloging agency LDCLIB
Transcribing agency LDCLIB
082 00 - DEWEY DECIMAL CLASSIFICATION NUMBER
Classification number 347.017
Edition number 22
Item number SLO
100 1# - MAIN ENTRY--PERSONAL NAME
Personal name Slocum, Robin Wellford.
9 (RLIN) 96
245 10 - TITLE STATEMENT
Title Legal Reasoning, Writing, and Persuasive Argument /
Statement of responsibility, etc Robin Wellford Slocum.
260 ## - PUBLICATION, DISTRIBUTION, ETC. (IMPRINT)
Place of publication, distribution, etc Newark, NJ :
Name of publisher, distributor, etc LexisNexis,
Date of publication, distribution, etc c2006.
300 ## - PHYSICAL DESCRIPTION
Extent xxx, 730 p. ;
Dimensions 25 cm.
504 ## - BIBLIOGRAPHY, ETC. NOTE
Bibliography, etc Includes bibliographical references and index.
650 #0 - SUBJECT ADDED ENTRY--TOPICAL TERM
Topical term or geographic name as entry element Legal composition.
9 (RLIN) 39
650 #0 - SUBJECT ADDED ENTRY--TOPICAL TERM
Topical term or geographic name as entry element Law
Geographic subdivision United States
General subdivision Methodology.
9 (RLIN) 97
942 ## - ADDED ENTRY ELEMENTS (KOHA)
Source of classification or shelving scheme Dewey Decimal Classification
Koha item type Books
Holdings
Withdrawn status Lost status Source of classification or shelving scheme Damaged status Not for loan Home library Current library Shelving location Date acquired Total Checkouts Full call number Barcode Date last seen Price effective from Koha item type
    Dewey Decimal Classification     Law Development Centre Main Library Law Development Centre Main Library Text Books and Laws 04/06/2011   347.017 SLO 2011/3069 04/06/2011 04/06/2011 Books
          Law Development Centre Main Library Law Development Centre Main Library Text Books and Laws 07/06/2017   347.017 SLO 33/07 07/06/2017 07/06/2017 Books